Soils: in our environment
Uloženo v:
| Hlavní autoři: | , |
|---|---|
| Médium: | Kniha |
| Jazyk: | angličtina |
| Vydáno: |
Englewood Cliffs
Prentice-Hall
2001
|
| Vydání: | 9a. ed |
| Témata: | |
| Tagy: |
Přidat tag
Žádné tagy, Buďte první, kdo vytvoří štítek k tomuto záznamu!
|
MARC
| LEADER | 00000nam a2200000 a 4500 | ||
|---|---|---|---|
| 001 | UCM0752 | ||
| 003 | CL-VaPUC | ||
| 008 | 020308e20010000us |||||||||||||||||eng|d | ||
| 082 | 0 | 4 | |a 631.4 |b MIL |2 21 |
| 100 | |a Miller, Raymond W. |e autor |9 467712 | ||
| 700 | 0 | |a Gardiner, Duane T |e author |9 467713 | |
| 245 | 1 | 0 | |a Soils: in our environment |
| 250 | |a 9a. ed | ||
| 300 | |a 642 p | ||
| 942 | |c BK | ||
| 945 | |d 20020308 00:00:00 |a cmena | ||
| 260 | |a Englewood Cliffs |b Prentice-Hall |c 2001 | ||
| 500 | |a Incluye Cd-Rom | ||
| 650 | 7 | |a EDAFOLOGIA |2 CL-VaPUC |9 467714 | |
| 650 | 0 | |a Ecología del suelo |9 269510 | |
| 650 | 0 | |a Propiedades del suelo |9 350106 | |
| 650 | 0 | |a Gestión ambiental |9 338121 | |
| 999 | |c 299586 |d 299584 | ||
| 583 | |k Rodrigo Vera | ||
| 952 | |0 0 |1 0 |4 0 |6 631_400000000000000_MIL_2001 |7 0 |8 A |9 356290 |a BIBAGR |b BIBAGR |d 2019-11-21 |i 3795829 |o 631.4 MIL 2001 |p 3795829 |r 2025-01-20 |w 2019-11-21 |y BK |k AGR | ||